00777nam a2200169Ia 4500008004100000024005300041082001700094100008200111110002800193245007000221260002500291600002100316650003800337856010700375952010800482999001700590250506s9999 xx 000 0 und d a19B-003-CS, 19B-044-CS, 19B-020-CS, & 17B-037-CS a004.8072 ALA aHashir Alam, Abdul Rehman Khalidi, M. Sameer Javed Khan, & M. Hassan Siddiqui aDr. Najmi Ghani. Haider 0aText Prediction and A Speech Recognition System For Urdu Language aKarachi:bUIT,c2019 aComputer Science aBachelor of Computer Science (BS) uhttps://drive.google.com/file/d/1GbpM_gQlvpyJ1gKoH41p6dO0cTuINhwy/view?usp=sharingyClick here for PDF 001040708PR-CSaUITUbUITUd2024-09-10l0o004.8072 ALApBS-672r2025-05-06 11:34:47w2025-05-06yPR c29137d29137